LEADER 01300nam a2200277 a 4500 001 000000164206 003 CaOOAMICUS 005 20171115111100.0 008 171115s1969 sp m 000 u spa r 032 $aLibriCat 040 $aPUL$bita 100 1 $aCastellano Cervera, Jesus.$0(OLS)http://pul/name/93033 245 10$aTransubstaciación :$btrayectoria ideológica de una reciente controversia /$cJesus Castellano, O.C.D. 260 $aMatriti :$b[s.n.],$c1969. 300 $a53 p. ;$c24 cm. 500 $aEx. "Revista Espańola de Teologia", vol. 29, 1969, pgs. 305-354. 502 $aEstratto da tesi. Pontificia Facultas Theologica. Collegii Internationalis Ordinis Carmelitarum Discalceatorum. 1969. 504 $aBibliografia in nota a pič pagina. 650 4$aTransustanziazione.$0(OLS)http://pul/subject/23634 710 2 $aTeresianum.$kTesi.$0(OLS)http://pul/name/6101 850 $aPUL 852 $aPUL$W1$xDP1 Tesi Pon. Fac. Teresianum$y48$mTH TER 41$j188331$qTesi$B191492$CPULBib$Z2$F191492 $H32881 $82 941 1 $a16 996 $6245$aTransubstaciación :$btrayectoria ideológica de una reciente controversia$9(OLS)http://pul/title/203895 996 $6260$aMatriti :$b[s.n.]$9(OLS)http://pul/publisher/50184 LEADER 01594nam a2200349 u 4500 001 000000070618 003 CaOOAMICUS 005 20070226122036.0 008 020510s2001 it u000 u ita u 020 $a8813230885 035 $a10929417 040 $aPUL$bita 100 1 $aPocar, Fausto.$0(OLS)http://pul/name/29608 245 10$aCommentario breve ai trattati della Comunitŕ e dell'Unione europea /$cFausto Pocar ; con la collaborazione di Adelina Adinolfi ... [et al.]. 260 $aPadova :$bCEDAM,$c2001. 300 $a1211 p. ;$c22 cm 490 1 $aBreviaria Iuris ;$v13 500 $aComprende indici. 610 14$aUnione europea$xOrdinamento.$0(OLS)http://pul/subject/23165 650 4$aDiritto comunitario.$0(OLS)http://pul/subject/12690 700 1 $aTrabucchi, Alberto,$d1907-1998.$0(OLS)http://pul/name/10131 830 0$aBreviaria Iuris ;$v13.$0(OLS)http://pul/title/8521 850 $aPUL 852 $aPUL$W1$xDP2 Diritto e Scienze Sociali 2$y100$mUtrCiv D 28$j91371$nBK-PRI$qStampati altre collocazioni$B91371$CPULBib$Z2$F91371 $H87119 $82 852 $aPUL$W1$xDP2 Cons. Gen., Altre Classi 1$y61$m1378 F 14$j91372$nBK-PRI$qStampati$B91372$CPULBib$Z2$F91372 $H87120 $82 941 1 $a10 941 1 $a8 961 $aINV: 87119 961 $aINV: 87120 996 $6020$a8813230885$9(OLS)http://pul/number/91316 996 $6245$aCommentario breve ai trattati della Comunitŕ e dell'Unione europea$9(OLS)http://pul/title/93073 996 $6260$aPadova :$bCEDAM$9(OLS)http://pul/publisher/48126